000 01228nam a22002177a 4500
999 _c57129
_d57129
003 Ge_BSU
005 20221221153000.0
008 191122s2019 ge ||||| |||| 00| 0 geo d
041 _ageo
080 _a33 დ-28
100 _aდევაძე, ნინო
_92377
245 _aტურიზმის მდრადი განვითარების პრობლემები და მათი გადაჭრის ძირითადი მიმართულებები /
_cნინო დევაძე; მეცნ. ხელმძღვ. გიორგი აბესელიძე.
264 _aბათუმი :
_bბათუმის შოთა რუსთაველის სახელმწიფო უნ-ტი,
_c2019.
300 _a160 გვ. :
_bცხრ.; დიაგრ.;
_c30 სმ.
504 _aბიბლიოგრ. გვ. 136-155
653 _aბისზნესის ადმინისტრირება
653 _aეკონომიკა
653 _aდისერტაცია
700 _aაბუსელიძე, გიორგი
_eმეცნ.-ხელმძღვანელი
_93844
942 _2udc
_cDS